Τεχνικές ταξινόμησης αποτελεσμάτων μηχανών αναζήτησης με βάση την ιστορία του χρήστη : πτυχιακή εργασία

Η παρούσα διπλωματική εργασία πραγματεύεται το πρόβλημα της ταξινόμησης αποτελεσμάτων που επιστρέφονται από την μηχανή αναζήτησης Google. Οι βασικές μέθοδοι που χρησιμοποιούνται για την αυτόματη ταξινόμησή τους, σε δύο κατηγορίες (ενδιαφέροντα και μη) στηρίζονται σε γλωσσικά και α...

Πλήρης περιγραφή

Αποθηκεύτηκε σε:
Λεπτομέρειες βιβλιογραφικής εγγραφής
Κύριος συγγραφέας: Μπεσαράτ, Τζέριες
Συγγραφή απο Οργανισμό/Αρχή: Πανεπιστήμιο Αιγαίου. Σχολή Θετικών Επιστημών. Τμήμα Μηχανικών Πληροφοριακών και Επικοινωνιακών Συστημάτων
Μορφή: Thesis Βιβλίο
Γλώσσα:Greek
Δημοσίευση: 2009.
Θέματα:
Διαθέσιμο Online:http://hdl.handle.net/11610/8641
Ετικέτες: Προσθήκη ετικέτας
Δεν υπάρχουν, Καταχωρήστε ετικέτα πρώτοι!

MARC

LEADER 00000cam a2200000 i 4500
001 1/2018
008 091015s2009 gr | ||| |||| ||gre||
035 |l 10105823 
040 |a GR-MyUA  |b gre  |e AACR2 
041 0 |a gre 
082 0 |a 025.04   |2 (22)  
100 1 |a Μπεσαράτ, Τζέριες. 
245 1 0 |a Τεχνικές ταξινόμησης αποτελεσμάτων μηχανών αναζήτησης με βάση την ιστορία του χρήστη :   |b πτυχιακή εργασία /   |c του Τζέριες Μπεσαράτ ; επιβλέπων καθηγητής, Μανώλης Μαραγκουδάκης.  
260 |c 2009.  
300 |a ix, 91 σ. :   |b εγχρ. εικ., σχέδια ;   |c 30 εκ.  
500 |a Μέλη της εξεταστικής επιτροπής: Μανώλης Μαραγκουδάκης, Ιωάννης Αναγνωστόπουλος, Δημοσθένης Βουγιούκας.  
502 |a Πτυχιακή εργασία – Πανεπιστήμιο Αιγαίου, Σάμος, 2009.  
504 |a Βιβλιογραφία: σ. 81-83.  
506 1 |a Διάθεση πλήρους κειμένου ;   |d Ενδοπανεπιστημιακή δημοσίευση.  
520 |a Η παρούσα διπλωματική εργασία πραγματεύεται το πρόβλημα της ταξινόμησης αποτελεσμάτων που επιστρέφονται από την μηχανή αναζήτησης Google. Οι βασικές μέθοδοι που χρησιμοποιούνται για την αυτόματη ταξινόμησή τους, σε δύο κατηγορίες (ενδιαφέροντα και μη) στηρίζονται σε γλωσσικά και αριθμητικά χαρακτηριστικά των αποτελεσμάτων και μηχανική μάθηση. Η προσέγγιση του προβλήματος στηρίζεται στη χρήση του αλγόριθμου ταξινόμησης Nave Bayes, ο οποίος σύμφωνα με τα συμπεράσματα προηγούμενων εργασιών έχει καλές επιδόσεις στο συγκεκριμένο πρόβλημα. Η εργασία μελετά τρόπους εκμάθησης του ταξινομητή Nave Bayes με την εξαγωγή χρήσιμων δεδομένων από το σώμα των αποτελεσμάτων. Επίσης, για λόγους πληρότητας υλοποιήθηκαν και τεχνικές μέσω των οποίων η εφαρμογή μπορεί να καταλαβαίνει κατά πόσο δύο ερωτήματα είναι κοινά, με αποτέλεσμα να προτείνει στον χρήστη αποτελέσματα και από ερωτήματα που έχουν γίνει στο παρελθόν. Οι μέθοδοι που αναπτύχθηκαν επικεντρώνονται στην ταξινόμηση υπερσυνδέσμων , όπως τα αποτελέσματα που επιστρέφονται από κάποια μηχανή αναζήτησης. Σε αυτήν την περίπτωση η απόδοση του ταξινομητή ήταν ικανοποιητική. Από τα πειράματα φάνηκε ότι οι μέθοδοι που χρησιμοποιήθηκαν για την κατηγοριοποίηση των ερωτημάτων ήταν αποτελεσματικοί. 
540 |a Κλειδωμένη δυνατότητα αντιγραφής (copy) κειμένου.  
610 2 0 |a University of the Aegean  |x Dissertations. 
650 0 0 |a Information storage and retrieval systems. 
650 0 0 |a Web search engines. 
650 0 0 |a Machine learning. 
650 0 0 |a Data mining. 
650 0 0 |a Dissertations, Academic  |z Greece. 
700 1 |a Μαραγκουδάκης, Εμμανουήλ,  |e dgs 
710 2 |a Πανεπιστήμιο Αιγαίου.   |b Σχολή Θετικών Επιστημών.   |b Τμήμα Μηχανικών Πληροφοριακών και Επικοινωνιακών Συστημάτων. 
852 |a INST  |b SAMOS  |c DIATR  |e 20091015  |h 025.04 ΜΠΕ  |p 005300031176  |q 005300031176  |t DIE  |y 23 
852 |a INST  |b SAMOS  |c DIATR  |e 20091015  |h 025.04 ΜΠΕ  |p 005300031177  |q 005300031177  |t DIE  |y 23 
856 |u http://hdl.handle.net/11610/8641 
901 |a BIBL3-2009-3 
909 |a Σ  |b 158237 
909 |a Σ  |b 158238 
924 |a Μπέσαρατ  |b Τζέριες  |y Σάμος  |z 2009-09 
970 |a ΚΟΣΙΕΡΗΣ  |b ΧΡΗΣΤΟΣ  |z 2009/10/15